MARC

LEADER 00000nam0a2200000 4500
001 251463
005 20231101232647.0
010 |a 5020137677 
035 |a (RuTPU)RU\TPU\book\273760 
035 |a RU\TPU\book\74332 
090 |a 251463 
100 |a 20140221d1989 k y0rusy50 ca 
101 0 |a rus 
102 |a RU 
105 |a y z 001zy 
200 1 |a Экстремальные комбинаторные задачи и их приложения  |f В. И. Баранов, Б. И. Стечкин 
210 |a Москва  |c Наука  |d 1989 
215 |a 160 с. 
320 |a Библиогр.: с. 147-153. 
320 |a Предметный указатель: с. 154-156. 
320 |a Указатель обозначений: с. 157-158. 
606 1 |a Комбинаторика  |x Задачи  |x Решение на вычислительных машинах  |2 stltpush  |3 (RuTPU)RU\TPU\subj\14822  |9 41148 
610 1 |a экстремальные комбинаторные задачи 
610 1 |a экстремальные геометрические задачи 
610 1 |a разбиение чисел 
610 1 |a системы множеств 
610 1 |a системы векторов 
610 1 |a практическое использование 
610 1 |a графы 
610 1 |a числа 
675 |a 519.1-37  |v 3 
700 1 |a Баранов  |b В. И.  |g Валерий Иванович 
701 1 |a Стечкин  |b Б. И.  |g Борис Сергеевич 
801 1 |a RU  |b 63413507  |c 20041103  |g PSBO 
801 2 |a RU  |b 63413507  |c 20140303  |g PSBO 
942 |c BK